Statistics for The Final Word

Click here to take the quiz!

General Stats

  • This quiz has been taken 16 times
    (10 since last reset)
  • The average score is 9 of 15

Answer Stats

HintAnswer% Correct
GOOD TO THE LAST...DROP
100%
GOOD GOLLY MS....MOLLY
100%
HUSH LITTLE BABY, DON'T SAY A...WORD
100%
PAPA WAS A ROLLING...STONE
89%
YOU CAN'T TOUCH...THIS
89%
I CAN'T MAKE YOU LOVE ME IF YOU...DON'T
67%
I REMEMBER WHEN, I REMEMBER. I REMEMBER WHEN I LOST MY...MIND
67%
I FEEL GOOD! I KNEW THAT I...WOULD
67%
DON'T STOP 'TILL YOU GET...ENOUGH
56%
YOU'VE GOT TERMITES IN YOUR...SMILE
44%
POCKET FULL OF ...POSIES
33%
EVERYBODY WANTS TO BE FAMOUS, BUT NOBODY WANTS TO DO THE...WORK
33%
DRESSED IN ALL PINK EXCEPT MY GATOR SHOES, THOSE ARE...GREEN
22%
IF I ONLY HAD A ...BRAIN
11%
THAT'S ONE SMALL STEP FOR MAN, ONE GIANT LEAP FOR ...BAMMA
0%

Score Distribution

Percentile by Number Answered

Percent of People with Each Score

Your Score History

You have not taken this quiz since the last reset